Loading...
| Current Events | 2 | 20.00 | 100% | 100% | 0% |
| Fine Arts - Classical Music | 6 | 20.00 | 100% | 67% | 33% |
| Fine Arts - Other | 4 | 20.00 | 100% | 100% | 0% |
| Fine Arts - Painting and Sculpture | 6 | 16.67 | 100% | 67% | 0% |
| Geography | 2 | 20.00 | 100% | 100% | 0% |
| History - American | 4 | 22.50 | 100% | 75% | 50% |
| History - European | 8 | 21.25 | 100% | 88% | 25% |
| History - Other | 4 | 20.00 | 100% | 75% | 25% |
| History - World | 6 | 13.33 | 100% | 33% | 0% |
| Literature - American | 5 | 20.00 | 100% | 100% | 0% |
| Literature - British | 6 | 20.00 | 100% | 83% | 17% |
| Literature - European | 7 | 20.00 | 100% | 86% | 14% |
| Literature - World | 4 | 20.00 | 100% | 50% | 50% |
| Mythology | 5 | 20.00 | 100% | 60% | 40% |
| Other Academic | 2 | 15.00 | 100% | 50% | 0% |
| Philosophy | 7 | 17.14 | 100% | 71% | 0% |
| Pop Culture | 1 | 20.00 | 100% | 100% | 0% |
| Religion | 7 | 20.00 | 100% | 71% | 29% |
| Science - Biology | 3 | 16.67 | 100% | 67% | 0% |
| Science - Chemistry | 6 | 11.67 | 83% | 33% | 0% |
| Science - Other | 6 | 15.00 | 100% | 50% | 0% |
| Science - Physics | 7 | 11.43 | 86% | 29% | 0% |
| Social Science | 6 | 16.67 | 100% | 33% | 33% |